World Rugby Team of the 2010s - Statistics

General Stats
  • This quiz has been taken 29 times
  • The average score is 9 of 15
Answer Stats
Pos. Player Nation % Correct
10 Dan Carter New Zealand
96%
7 Richie McCaw New Zealand
79%
13 Brian O'Driscoll Ireland
71%
14 George North Wales
67%
5 Sam Whitelock New Zealand
67%
8 Sergio Parisse Italy
67%
4 Brodie Retallick New Zealand
63%
11 Bryan Habana South Africa
63%
12 Ma'a Nonu New Zealand
63%
9 Conor Murray Ireland
54%
6 David Pocock Australia
50%
15 Ben Smith New Zealand
46%
3 Owen Franks New Zealand
42%
2 Bismarck du Plessis South Africa
38%
1 Tendai Mtawarira South Africa
38%
No matching quizzes found
Score Distribution
Percent of People with Each Score
Percentile by Number Answered
Your Score History
You have not taken this quiz